Dictamen de la comisión permanente de asuntos económicos sobre el proyecto de creación del CONICIT y Ley constitutiva

Uloženo v:
Podrobná bibliografie
Korporativní autor: Costa Rica. Asamblea Legislativa
Médium: Text
Vydáno: San José: CONICIT
Tagy: Přidat tag
Žádné tagy, Buďte první, kdo vytvoří štítek k tomuto záznamu!

MARC

LEADER 00000 a a2200000 04500
001 18887
003
040
090 |a 015500  
110 |a Costa Rica. Asamblea Legislativa  
245 |a Dictamen de la comisión permanente de asuntos económicos sobre el proyecto de creación del CONICIT y Ley constitutiva  
260 |a San José:   |b CONICIT  
300 |a 23 p.  
999 |c 6396  |d 6396